000 00363nam a2200145Ia 4500
008 210210b1992 xxu||||| |||| 00| 0 eng d
020 _a81 85674 17 5
082 _a827 VAIT
100 _aVAIDYANATHAN (K R).
245 _aTrain load of jokes and anecedodtes.
260 _aN D
_bU B S P D
_c1992
300 _ax,140
690 _aEnglish Humor
906 _a046503
999 _c95578
_d95578